| 000 | 00621nam a2200217 a 4500 | ||
|---|---|---|---|
| 999 |
_c1136 _d1136 |
||
| 008 | 191129s2001 ii a|||g |||| 00| 0 eng d | ||
| 020 |
_a9788178298429 _cRs. 550.00 |
||
| 040 |
_aKO _beng |
||
| 041 | 0 | _aeng | |
| 044 | _aii | ||
| 082 | 0 | 4 |
_223 _a658.7 _bM5292 |
| 245 | 1 | 0 |
_aSupply Chain Management / _cEdited by John T. Mentzer |
| 260 |
_aNew Delhi : _bResponse Books (Sage Publications) , _c2001 |
||
| 300 |
_axii, 511 p. : _bill. ; _c24 cm. |
||
| 504 | _aIncludes Index. | ||
| 650 | 0 |
_aBusiness logistics _xManagement _vTextbooks |
|
| 700 |
_aMentzer, John T. _eedt |
||
| 904 | _aA_BOSE | ||
| 942 | _cBK | ||